Statistics for Top 100 albums of the 2010s on RateYourMusic

Click here to take the quiz!

General Stats

  • This quiz has been taken 129 times
    (106 since last reset)
  • The average score is 44 of 100

Answer Stats

#ArtistAlbum% Correct
1Kendrick LamarTo Pimp a Butterfly
96%
2Kendrick Lamargood kid, m.A.A.d city
95%
6Frank OceanBlonde
94%
4Death GripsThe Money Store
92%
3Kanye WestMy Beautiful Dark Twisted Fantasy
91%
9Tyler, the CreatorIgor
90%
15Kids See GhostsKids See Ghosts
90%
7David BowieBlackstar
88%
12Tyler, the CreatorFlower Boy
86%
13RadioheadA Moon Shaped Pool
83%
22Kanye WestYeezus
83%
28Frank Oceanchannel ORANGE
82%
30Kanye WestThe Life of Pablo
82%
5Danny BrownAtrocity Exhibition
79%
54Travis ScottRodeo
74%
17Car Seat HeadrestTwin Fantasy (Face to Face)
73%
8Sufjan StevensCarrie & Lowell
72%
23Earl SweatshirtSome Rap Songs
72%
89Car Seat HeadrestTwin Fantasy (Mirror to Mirror)
72%
10SwansTo Be Kind
71%
11Freddie Gibbs & MadlibPiñata
69%
53Run the JewelsRun the Jewels 2
69%
61GorillazPlastic Beach
68%
38Danny BrownXXX
65%
20Weyes BloodTitanic Rising
62%
64JPEGMAFIAVeteran
62%
14A Tribe Called QuestWe got it from here... Thank you 4 Your Service
62%
55Carly Rae JepsenE·MO·TION
60%
68BROCKHAMPTONSaturation II
59%
56Pusha TDaytona
58%
62JPEGMAFIAAll My Heroes Are Cornballs
56%
24Mount EerieA Crow Looked at Me
55%
71BROCKHAMPTONSaturation III
55%
66Denzel CurryTA13OO
54%
25Death GripsBottomless Pit
53%
34Car Seat HeadrestTeens of Denial
53%
63Freddie Gibbs & MadlibBandana
51%
36Frank OceanEndless
51%
33LCD SoundsystemThis Is Happening
51%
57Beach HouseTeen Dream
50%
16SwansThe Seer
50%
40Beach HouseBloom
49%
31Flying LotusCosmogramma
49%
19Death GripsJenny Death: The Powers That B Disc 2
47%
37Fleet FoxesHelplessness Blues
44%
26D'Angelo and the VanguardBlack Messiah
42%
49Queens of the Stone Age...Like Clockwork
42%
95Tame ImpalaLonerism
42%
52FKA TwigsMagdalene
42%
18DaughtersYou Won't Get What You Want
41%
83Little SimzGrey Area
40%
82black midiSchlagenheim
40%
39Fiona AppleThe Idler Wheel Is Wiser Than the Driver of the Screw and Whipping Cords Will Serve You More Than Ropes Will Ever Do
38%
45Tim HeckerVirgins
38%
73SOPHIEOIL OF EVERY PEARL'S UN-INSIDES
36%
50SwansThe Glowing Man
36%
44GrouperA I A: Alien Observer
35%
42King Gizzard and the Lizard WizardNonagon Infinity
35%
98Purple MountainsPurple Mountains
35%
47Sufjan StevensThe Age of Adz
35%
69Janelle MonáeThe ArchAndroid
35%
46Jeff RosenstockWORRY.
35%
76PJ HarveyLet England Shake
33%
29Lil Ugly ManeMista Thug Isolation
33%
27Ichiko Aoba0
32%
93Giles CoreyGiles Corey
32%
21Joanna NewsomHave One on Me
31%
92Devon HendryxThe Ghost~Pop Tape
31%
81Big K.R.I.T.4eva Is a Mighty Long Time
29%
35Mach-HommyThe G.A.T...
29%
43Mid-Air ThiefCrumbling
28%
88Death GripsN****s on the Moon: The Powers that B Disc 1
28%
59Nick Cave & The Bad SeedsSkeleton Tree
27%
32The Brave Little AbacusJust Got Back From the Discomfort - We're Alright
26%
48Joanna NewsomDivers
23%
78Kero Kero BonitoTime 'n' Place
22%
74Oneohtrix Point NeverReplica
21%
87Against All Logic2012 - 2017
19%
100MitskiBury me at Makeout Creek
19%
97Candy ClawsCeres & Calypso in the Deep Time
18%
80DeftonesKoi no yokan
18%
90Julia HolterHave You in My Wilderness
17%
99SOPHIEProduct
15%
58Tim HeckerRavedeath, 1972
15%
72Lil Ugly ManeThird Side of Tape
15%
94DeerhunterHalcyon Digest
13%
65LOONA ODD EYE CIRCLEMax & Match
13%
84Standing on the CornerRed Burns
13%
96King Gizzard & the Lizard WizardI'm in Your Mind Fuzz
10%
86Anna von HausswolffDead Magic
9%
75ConvergeAll We Love We Leave Behind
5%
60Matana RobertsCoin Coin Chapter One: Gens de couleur libres
5%
41Farazi v KayraHayalet Islığı
5%
67Bruno PernadasThose Who Throw Objects at the Crocodiles Will Be Asked to Retrieve Them
5%
85MgłaExercises in Futility
3%
70Masakatsu TakagiKagayaki
3%
51Deathspell OmegaParacletus
3%
77GorgutsColored Sands
1%
91La Petite Bande / Sigiswald KuijkenMatthäus-Passion
0%
79VektorTerminal Redux
0%

Score Distribution

Percentile by Number Answered

Percent of People with Each Score

Your Score History

You have not taken this quiz since the last reset